Geografías /
Spremljeno u:
| Glavni autor: | |
|---|---|
| Format: | Nepoznato |
| Jezik: | Spanish |
| Izdano: |
México :
Editorial Nueva Imagen,
1984.
|
| Izdanje: | 1. edición |
| Teme: | |
| Oznake: |
Dodaj oznaku
Bez oznaka, Budi prvi tko označuje ovaj zapis!
|
MARC
| LEADER | 000000000a22000000004500 | ||
|---|---|---|---|
| 001 | 008440 | ||
| 020 | |a 9684293976 | ||
| 041 | 0 | |a spa | |
| 082 | 0 | 4 | |a U863.4 |b B462 |
| 100 | 1 | |a Benedetti, Mario, |d 1920-2009 | |
| 245 | 1 | 0 | |a Geografías / |c Mario Benedetti. |
| 250 | |a 1. edición | ||
| 260 | 1 | |a México : |b Editorial Nueva Imagen, |c 1984. | |
| 300 | |a 212 páginas : |b ilustraciones ; |c 19 cm | ||
| 650 | 4 | |a LITERATURA URUGUAYA | |
| 650 | 4 | |a POESIA | |
| 650 | 4 | |a CUENTOS | |
| 999 | |c 14014 |d 14014 | ||
| 942 | |c BK |h U863.4 B462 |2 z | ||



